[Event "Graz op-A"]
[Site "Graz"]
[Date "2020.02.21"]
[Round "9"]
[White "David, Alexandru Vasile"]
[Black "Androutsopoulos Agiotatos, Vasilios"]
[Result "1-0"]
[WhiteElo "2436"]
[BlackElo "2187"]
[PlyCount "65"]
[EventDate "2020.02.14"]
[EventType "swiss"]
[EventRounds "9"]
[EventCountry "AUT"]
[SourceTitle "CBM 195 Extra"]
[Source "ChessBase"]
[SourceDate "2020.05.31"]
[SourceVersion "1"]
[SourceVersionDate "2020.05.31"]
[SourceQuality "1"]

1. d4 Nf6 2. c4 e6 3. Nc3 Bb4 4. e3 b6 5. Bd3 Bb7 6. Nf3 c5 7. 0-0 0-0 8. Na4 cxd4 9. exd4 Re8 10. a3 Bf8 11. Bf4 d6 12. Re1 Nbd7 13. Bg3 Rc8 14. b4 h6 15. Nd2 g6 16. Bh4 Be7 17. f3 Nh5 18. Bf2 e5 19. d5 f5 20. Rc1 Bg5 21. Rc2 Rc7 22. Nc3 Ndf6 23. c5 dxc5 24. d6 Rc6 25. bxc5 bxc5 26. Nc4 Ba6 27. Rce2 Nd7 28. Nxe5 Nxe5 29. Bxa6 Qxd6 30. Qxd6 Rxd6 31. Bb5 Nxf3+ 32. gxf3 Rxe2 33. Nxe2 1-0

[Event "Kavala op 28th"]
[Site "Kavala"]
[Date "2019.08.11"]
[Round "9"]
[White "Gevorgyan, Maria"]
[Black "Androutsopoulos Agiotatos, Vasilios"]
[Result "0-1"]
[WhiteElo "2271"]
[BlackElo "2080"]
[PlyCount "80"]
[EventDate "2019.08.04"]
[EventType "swiss"]
[EventRounds "9"]
[EventCountry "GRE"]
[SourceTitle "CBM 191 Extra"]
[Source "ChessBase"]
[SourceDate "2019.09.30"]
[SourceVersion "1"]
[SourceVersionDate "2019.09.30"]
[SourceQuality "1"]

1. e4 e5 2. Nf3 Nc6 3. Bc4 Bc5 4. d3 Nf6 5. 0-0 0-0 6. c3 d5 7. exd5 Nxd5 8. a4 a5 9. Nbd2 Nb6 10. Bb5 Bg4 11. h3 Bh5 12. Ne4 Bd6 13. Ng3 Bg6 14. h4 h6 15. Be3 Nd7 16. h5 Bh7 17. Bc4 Kh8 18. Ne4 f5 19. Nxd6 cxd6 20. Qb3 f4 21. Qxb7 Rc8 22. Bb5 fxe3 23. d4 Be4 24. Bxc6 Bxc6 25. Qa6 Bxf3 26. fxe3 Be4 27. Rxf8+ Nxf8 28. Rf1 Ne6 29. dxe5 Rc6 30. Qa7 Qg5 31. Rf2 dxe5 32. Qxa5 Rd6 33. Kf1 Rd1+ 34. Ke2 Qg4+ 35. Rf3 Bxf3+ 36. gxf3 Qg1 37. Qa8+ Rd8 38. Qc6 Qd1+ 39. Kf2 Rd2+ 40. Kg3 Qg1+ 0-1

[Event "GRE-chT 47th"]
[Site "Patras"]
[Date "2019.07.03"]
[Round "3.1"]
[White "Koutis, Pavlos"]
[Black "Androutsopoulos Agiotatos, Vasilios"]
[Result "0-1"]
[WhiteElo "1569"]
[BlackElo "2063"]
[PlyCount "54"]
[EventDate "2019.07.02"]
[EventType "team-swiss"]
[EventRounds "7"]
[EventCountry "GRE"]
[SourceTitle "CBM 191 Extra"]
[Source "ChessBase"]
[SourceDate "2019.09.30"]
[SourceVersion "1"]
[SourceVersionDate "2019.09.30"]
[SourceQuality "1"]
[WhiteTeam "To Kallithes"]
[BlackTeam "Heraklion OF"]
[WhiteTeamCountry "GRE"]
[BlackTeamCountry "GRE"]

1. e4 e5 2. Nf3 Nc6 3. d4 exd4 4. Nxd4 Qf6 5. Nb3 Qg6 6. f3 Bd6 7. g3 Nge7 8. Be3 f5 9. Bd3 0-0 10. Nc3 Bb4 11. Bd2 Ne5 12. Qe2 Kh8 13. 0-0-0 d6 14. exf5 Nxd3+ 15. cxd3 Nxf5 16. g4 Nh6 17. h4 Be6 18. h5 Qf7 19. g5 Bxb3 20. axb3 Nf5 21. g6 Qe8 22. Qf2 Bc5 23. Qg2 h6 24. Rde1 Qc6 25. Qg4 Qa6 26. Kc2 Nd4+ 27. Kb1 Qxd3+ 0-1

[Event "GRE-ch U20"]
[Site "Chania"]
[Date "2018.04.14"]
[Round "7"]
[White "Giannoulakis, Labros"]
[Black "Androutsopoulos Agiotatos, Vasilios"]
[Result "0-1"]
[WhiteElo "2310"]
[BlackElo "2014"]
[PlyCount "74"]
[EventDate "2018.04.10"]
[EventType "swiss"]
[EventRounds "9"]
[EventCountry "GRE"]
[SourceTitle "CBM 184 Extra"]
[Source "ChessBase"]
[SourceDate "2018.06.28"]
[SourceVersion "1"]
[SourceVersionDate "2018.06.28"]
[SourceQuality "1"]
[WhiteTeam "Greece"]
[BlackTeam "Greece"]
[WhiteTeamCountry "GRE"]
[BlackTeamCountry "GRE"]

1. Nf3 Nf6 2. c4 e6 3. Nc3 Bb4 4. d4 b6 5. e3 Bb7 6. Bd3 0-0 7. 0-0 c5 8. a3 Bxc3 9. bxc3 Be4 10. Be2 Nc6 11. Ne1 d5 12. f3 Bg6 13. cxd5 exd5 14. Nd3 c4 15. Nf4 b5 16. Qe1 Qd6 17. Bd1 Rfe8 18. Nxg6 hxg6 19. Bc2 a5 20. e4 dxe4 21. fxe4 Qe6 22. e5 Nd5 23. Rf3 f5 24. Qe2 Nb6 25. g4 fxg4 26. Rg3 b4 27. Rxg4 bxc3 28. Qg2 Qd5 29. Rxg6 Qxg2+ 30. Kxg2 Nxd4 31. Be4 Rab8 32. Be3 Nb3 33. Rd1 Rxe5 34. Bxb6 Rxb6 35. Rd8+ Kf7 36. Rxb6 Rxe4 37. Rb7+ Re7 0-1

[Event "GRE-ch Schools Lykeia 30th"]
[Site "Peristeri"]
[Date "2018.04.02"]
[Round "7"]
[White "Androutsopoulos Agiotatos, Vasilios"]
[Black "Samaridis, Konstantinos"]
[Result "0-1"]
[WhiteElo "2014"]
[BlackElo "2121"]
[PlyCount "82"]
[EventDate "2018.04.01"]
[EventType "swiss (rapid)"]
[EventRounds "9"]
[EventCountry "GRE"]
[SourceTitle "EXT 2019"]
[Source "ChessBase"]
[SourceDate "2018.10.10"]
[SourceVersion "1"]
[SourceVersionDate "2018.10.10"]
[SourceQuality "1"]

1. e4 e5 2. Nf3 Nc6 3. Nc3 g6 4. d4 exd4 5. Nxd4 Bg7 6. Be3 d6 7. Be2 Nge7 8. 0-0 0-0 9. Qd2 Bd7 10. Rad1 Nxd4 11. Bxd4 Nc6 12. Bxg7 Kxg7 13. Nd5 Be6 14. Qc3+ f6 15. f4 Bxd5 16. exd5 Ne7 17. Bg4 c6 18. dxc6 bxc6 19. Qd4 d5 20. Rfe1 Nf5 21. Bxf5 gxf5 22. Qd3 Qd7 23. Re2 Rfe8 24. Rde1 Re4 25. c4 Rae8 26. cxd5 cxd5 27. g3 Qd6 28. Kg2 d4 29. Kf2 Qd5 30. a3 Rxe2+ 31. Rxe2 Rxe2+ 32. Qxe2 Qe4 33. Qc4 d3 34. Qc7+ Kg6 35. Qd8 Qe2+ 36. Kg1 d2 37. Qg8+ Kh6 38. Qf8+ Kh5 39. Qf7+ Kg4 40. Qg7+ Kf3 41. Qb7+ Qe4 0-1

[Event "GRE-ch Schools Lykeia 30th"]
[Site "Peristeri"]
[Date "2018.04.02"]
[Round "9"]
[White "Georgitsi, Antigoni"]
[Black "Androutsopoulos Agiotatos, Vasilios"]
[Result "1/2-1/2"]
[WhiteElo "1828"]
[BlackElo "2014"]
[PlyCount "94"]
[EventDate "2018.04.01"]
[EventType "swiss (rapid)"]
[EventRounds "9"]
[EventCountry "GRE"]
[SourceTitle "EXT 2019"]
[Source "ChessBase"]
[SourceDate "2018.10.10"]
[SourceVersion "1"]
[SourceVersionDate "2018.10.10"]
[SourceQuality "1"]

1. c4 Nf6 2. Nc3 g6 3. e4 d6 4. d4 Bg7 5. f3 0-0 6. Be3 e5 7. Nge2 c6 8. Qd2 a6 9. h4 b5 10. 0-0-0 Nbd7 11. Bh6 Qa5 12. h5 b4 13. Nb1 Qxa2 14. Bxg7 Qxc4+ 15. Nec3 bxc3 16. Nxc3 Qb3 17. Bxf8 Nxf8 18. dxe5 dxe5 19. hxg6 fxg6 20. Qd6 Rb8 21. Bc4+ Qxc4 22. Qxb8 Be6 23. Qxe5 N8d7 24. Qd4 Qb3 25. e5 Nd5 26. Nxd5 Bxd5 27. Qh4 Nf8 28. Qd4 Qa2 29. Qc3 Ne6 30. Qa3 Qc4+ 31. Qc3 Qa2 32. Qb4 c5 33. Qb8+ Kg7 34. Qa7+ Kf8 35. Qb8+ Kg7 36. Qa7+ Kf8 37. Qb8+ Kg7 38. Qa7+ Kf8 39. Qb6 Qc4+ 40. Kb1 Qa2+ 41. Kc1 Qc4+ 42. Kb1 Qa2+ 43. Kc1 Qc4+ 44. Kb1 Qa2+ 45. Kc1 Qc4+ 46. Kb1 Qa2+ 47. Kc1 Qc4+ 1/2-1/2